<?xml version="1.0" encoding="UTF-8"?>
<record
    xmlns:xsi="http://www.w3.org/2001/XMLSchema-instance"
    xsi:schemaLocation="http://www.loc.gov/MARC21/slim http://www.loc.gov/standards/marcxml/schema/MARC21slim.xsd"
    xmlns="http://www.loc.gov/MARC21/slim">

  <leader>00517nam a22001817a 4500</leader>
  <controlfield tag="005">20251209111510.0</controlfield>
  <controlfield tag="008">251008b        |||||||| |||| 00| 0 eng d</controlfield>
  <datafield tag="020" ind1=" " ind2=" ">
    <subfield code="a">978-81-94898-62-7</subfield>
  </datafield>
  <datafield tag="041" ind1=" " ind2=" ">
    <subfield code="a">eng</subfield>
  </datafield>
  <datafield tag="082" ind1=" " ind2=" ">
    <subfield code="a">615.19ARO-M</subfield>
  </datafield>
  <datafield tag="100" ind1=" " ind2=" ">
    <subfield code="a">ARORA, D.R.</subfield>
    <subfield code="9">8724</subfield>
  </datafield>
  <datafield tag="245" ind1=" " ind2=" ">
    <subfield code="a">TEXTBOOK OF MICROBIOLOGY: For diploma in medical laboratory technology and paramedical courses</subfield>
  </datafield>
  <datafield tag="250" ind1=" " ind2=" ">
    <subfield code="a">1st ed. 2021</subfield>
  </datafield>
  <datafield tag="260" ind1=" " ind2=" ">
    <subfield code="a">NEW DELHI </subfield>
    <subfield code="b">CBS PUBLISHERS </subfield>
  </datafield>
  <datafield tag="300" ind1=" " ind2=" ">
    <subfield code="a">238;P</subfield>
  </datafield>
  <datafield tag="650" ind1=" " ind2=" ">
    <subfield code="a">PARAMEDICAL</subfield>
    <subfield code="x">BMIRT</subfield>
    <subfield code="9">8845</subfield>
  </datafield>
  <datafield tag="942" ind1=" " ind2=" ">
    <subfield code="c">BK</subfield>
  </datafield>
  <datafield tag="999" ind1=" " ind2=" ">
    <subfield code="c">8898</subfield>
    <subfield code="d">8896</subfield>
  </datafield>
  <datafield tag="952" ind1=" " ind2=" ">
    <subfield code="0">0</subfield>
    <subfield code="1">0</subfield>
    <subfield code="4">0</subfield>
    <subfield code="7">0</subfield>
    <subfield code="8">PARAMEDICAL</subfield>
    <subfield code="a">JRU</subfield>
    <subfield code="b">JRU</subfield>
    <subfield code="d">2025-10-08</subfield>
    <subfield code="e">PURCHASE</subfield>
    <subfield code="g">525.00</subfield>
    <subfield code="h">LBI/000780. DATE-4-10-2025</subfield>
    <subfield code="l">0</subfield>
    <subfield code="o">615.19</subfield>
    <subfield code="p">28981</subfield>
    <subfield code="r">2025-10-08 18:01:59</subfield>
    <subfield code="w">2025-10-08</subfield>
    <subfield code="y">BK</subfield>
  </datafield>
  <datafield tag="952" ind1=" " ind2=" ">
    <subfield code="0">0</subfield>
    <subfield code="1">0</subfield>
    <subfield code="4">0</subfield>
    <subfield code="7">0</subfield>
    <subfield code="8">PARAMEDICAL</subfield>
    <subfield code="a">JRU</subfield>
    <subfield code="b">JRU</subfield>
    <subfield code="c">SHELF-104-D</subfield>
    <subfield code="d">2025-10-08</subfield>
    <subfield code="e">PURCHASE</subfield>
    <subfield code="g">525.00</subfield>
    <subfield code="h">LBI/000780. DATE-4-10-2025</subfield>
    <subfield code="l">0</subfield>
    <subfield code="o">615.19</subfield>
    <subfield code="p">28982</subfield>
    <subfield code="r">2025-10-08 18:01:59</subfield>
    <subfield code="w">2025-10-08</subfield>
    <subfield code="y">BK</subfield>
  </datafield>
  <datafield tag="952" ind1=" " ind2=" ">
    <subfield code="0">0</subfield>
    <subfield code="1">0</subfield>
    <subfield code="4">0</subfield>
    <subfield code="7">0</subfield>
    <subfield code="8">PARAMEDICAL</subfield>
    <subfield code="a">JRU</subfield>
    <subfield code="b">JRU</subfield>
    <subfield code="c">SHELF-104-D</subfield>
    <subfield code="d">2025-10-08</subfield>
    <subfield code="e">PURCHASE</subfield>
    <subfield code="g">525.00</subfield>
    <subfield code="h">LBI/000780. DATE-4-10-2025</subfield>
    <subfield code="l">0</subfield>
    <subfield code="o">615.19</subfield>
    <subfield code="p">28983</subfield>
    <subfield code="r">2025-10-08 18:01:59</subfield>
    <subfield code="w">2025-10-08</subfield>
    <subfield code="y">BK</subfield>
  </datafield>
  <datafield tag="952" ind1=" " ind2=" ">
    <subfield code="0">0</subfield>
    <subfield code="1">0</subfield>
    <subfield code="4">0</subfield>
    <subfield code="7">0</subfield>
    <subfield code="8">PARAMEDICAL</subfield>
    <subfield code="a">JRU</subfield>
    <subfield code="b">JRU</subfield>
    <subfield code="c">SHELF-104-D</subfield>
    <subfield code="d">2025-10-08</subfield>
    <subfield code="e">PURCHASE</subfield>
    <subfield code="g">525.00</subfield>
    <subfield code="h">LBI/000780. DATE-4-10-2025</subfield>
    <subfield code="l">1</subfield>
    <subfield code="o">615.19</subfield>
    <subfield code="p">28984</subfield>
    <subfield code="r">2026-02-19 07:12:26</subfield>
    <subfield code="s">2026-02-13</subfield>
    <subfield code="w">2025-10-08</subfield>
    <subfield code="y">BK</subfield>
  </datafield>
  <datafield tag="952" ind1=" " ind2=" ">
    <subfield code="0">0</subfield>
    <subfield code="1">0</subfield>
    <subfield code="4">0</subfield>
    <subfield code="7">0</subfield>
    <subfield code="8">PARAMEDICAL</subfield>
    <subfield code="a">JRU</subfield>
    <subfield code="b">JRU</subfield>
    <subfield code="c">SHELF-28-A</subfield>
    <subfield code="d">2025-10-08</subfield>
    <subfield code="e">PURCHASE</subfield>
    <subfield code="g">525.00</subfield>
    <subfield code="h">LBI/000780. DATE-4-10-2025</subfield>
    <subfield code="l">1</subfield>
    <subfield code="o">615.19</subfield>
    <subfield code="p">28985</subfield>
    <subfield code="r">2025-12-16 06:36:32</subfield>
    <subfield code="s">2025-12-01</subfield>
    <subfield code="w">2025-10-08</subfield>
    <subfield code="y">BK</subfield>
  </datafield>
  <datafield tag="952" ind1=" " ind2=" ">
    <subfield code="0">0</subfield>
    <subfield code="1">0</subfield>
    <subfield code="4">0</subfield>
    <subfield code="7">0</subfield>
    <subfield code="8">PARAMEDICAL</subfield>
    <subfield code="a">JRU</subfield>
    <subfield code="b">JRU</subfield>
    <subfield code="c">SHELF-104-D</subfield>
    <subfield code="d">2025-12-08</subfield>
    <subfield code="e">PURCHASE</subfield>
    <subfield code="g">500.00</subfield>
    <subfield code="h">LBI-000813/30-10-2025</subfield>
    <subfield code="l">1</subfield>
    <subfield code="m">1</subfield>
    <subfield code="o">615.19ARO-M</subfield>
    <subfield code="p">29256</subfield>
    <subfield code="r">2026-02-20 06:21:28</subfield>
    <subfield code="s">2026-01-30</subfield>
    <subfield code="w">2025-12-08</subfield>
    <subfield code="y">BK</subfield>
  </datafield>
  <datafield tag="952" ind1=" " ind2=" ">
    <subfield code="0">0</subfield>
    <subfield code="1">0</subfield>
    <subfield code="4">0</subfield>
    <subfield code="7">0</subfield>
    <subfield code="8">PARAMEDICAL</subfield>
    <subfield code="a">JRU</subfield>
    <subfield code="b">JRU</subfield>
    <subfield code="c">SHELF-104-D</subfield>
    <subfield code="d">2025-12-08</subfield>
    <subfield code="e">PURCHASE</subfield>
    <subfield code="g">500.00</subfield>
    <subfield code="h">LBI-000813/30-10-2025</subfield>
    <subfield code="l">2</subfield>
    <subfield code="o">615.19ARO-M</subfield>
    <subfield code="p">29257</subfield>
    <subfield code="r">2026-05-05 09:21:22</subfield>
    <subfield code="s">2026-04-22</subfield>
    <subfield code="w">2025-12-08</subfield>
    <subfield code="y">BK</subfield>
  </datafield>
  <datafield tag="952" ind1=" " ind2=" ">
    <subfield code="0">0</subfield>
    <subfield code="1">0</subfield>
    <subfield code="4">0</subfield>
    <subfield code="7">0</subfield>
    <subfield code="8">PARAMEDICAL</subfield>
    <subfield code="a">JRU</subfield>
    <subfield code="b">JRU</subfield>
    <subfield code="c">SHELF-104-D</subfield>
    <subfield code="d">2025-12-08</subfield>
    <subfield code="e">PURCHASE</subfield>
    <subfield code="g">500.00</subfield>
    <subfield code="h">LBI-000813/30-10-2025</subfield>
    <subfield code="l">0</subfield>
    <subfield code="o">615.19ARO-M</subfield>
    <subfield code="p">29258</subfield>
    <subfield code="r">2025-12-08 11:19:27</subfield>
    <subfield code="w">2025-12-08</subfield>
    <subfield code="y">BK</subfield>
  </datafield>
  <datafield tag="952" ind1=" " ind2=" ">
    <subfield code="0">0</subfield>
    <subfield code="1">0</subfield>
    <subfield code="4">0</subfield>
    <subfield code="7">0</subfield>
    <subfield code="8">PARAMEDICAL</subfield>
    <subfield code="a">JRU</subfield>
    <subfield code="b">JRU</subfield>
    <subfield code="c">SHELF-104-D</subfield>
    <subfield code="d">2025-12-08</subfield>
    <subfield code="e">PURCHASE</subfield>
    <subfield code="g">500.00</subfield>
    <subfield code="h">LBI-000813/30-10-2025</subfield>
    <subfield code="l">0</subfield>
    <subfield code="o">615.19ARO-M</subfield>
    <subfield code="p">29259</subfield>
    <subfield code="r">2025-12-08 11:19:27</subfield>
    <subfield code="w">2025-12-08</subfield>
    <subfield code="y">BK</subfield>
  </datafield>
  <datafield tag="952" ind1=" " ind2=" ">
    <subfield code="0">0</subfield>
    <subfield code="1">0</subfield>
    <subfield code="4">0</subfield>
    <subfield code="7">0</subfield>
    <subfield code="8">PARAMEDICAL</subfield>
    <subfield code="a">JRU</subfield>
    <subfield code="b">JRU</subfield>
    <subfield code="c">SHELF-104-D</subfield>
    <subfield code="d">2025-12-08</subfield>
    <subfield code="e">PURCHASE</subfield>
    <subfield code="g">500.00</subfield>
    <subfield code="h">LBI-000813/30-10-2025</subfield>
    <subfield code="l">0</subfield>
    <subfield code="o">615.19ARO-M</subfield>
    <subfield code="p">29260</subfield>
    <subfield code="r">2025-12-08 11:19:27</subfield>
    <subfield code="w">2025-12-08</subfield>
    <subfield code="y">BK</subfield>
  </datafield>
</record>
